| 000 | 01224nam a22003257a 4500 | ||
|---|---|---|---|
| 003 | CHAP | ||
| 005 | 20220817044511.0 | ||
| 008 | 010212s2011 mx rs o00010 spa d | ||
| 010 | _a102646 | ||
| 011 | _a103618 | ||
| 020 | _a9706074941890 | ||
| 035 | _a114307 | ||
| 040 | _cCHAP | ||
| 082 | 0 | 4 |
_a338.4767 _bIn31 |
| 110 | 2 | _aInstituto Nacional de Estadística y Geografía. México | |
| 245 | 1 | 0 |
_aEncuesta sobre capacitación a trabajadores manufactureros 2008 : _bENCATRAM _c/por Instituto Nacional de Estadística y Geografía y Secretaría del Trabajo y Previsión Social |
| 260 |
_aAguascalientes, Ags. : _bINEGI, _cc2011 |
||
| 300 |
_avii, 128 p. : _bcuadros |
||
| 590 |
_aBATCH-UPD _b10 _c20130110 _lUCH01 _h1554 |
||
| 590 |
_aBATCH-UPD _b10 _c20130410 _lUCH01 _h0952 |
||
| 590 |
_aBATCH-UPD _b10 _c20130914 _lUCH01 _h0840 |
||
| 590 |
_aCONVERSION _b10 _c20130109 _lUCH01 _h1356 |
||
| 650 | 1 | 4 |
_aCapacitación. _918690 |
| 650 | 1 | 4 |
_aIndustrias manufactureras. _958008 |
| 650 | 1 | 4 |
_aTrabajo y trabajadores _zMéxico. _9114553 |
| 710 | 0 |
_aMéxico. Secretaría del Trabajo y Previsión Social. _977232 |
|
| 901 | _aBK | ||
| 942 | _cLIBRO | ||
| 949 |
_a338.4767 In31 _bBC _cINEGI _d33724002318488 _eINEGI _h116172 _i114307 _sb |
||
| 999 |
_c102646 _d102646 |
||